00333nam a2200121Ia 4500008004100000041001200041082001600053100001600069245007000085260004100155300000800196650000700204221030s9999 xx 000 0 und d aEnglish a105.23bGup aJ. B. Gupta 0aUtilization of Electric Power & Electric Tractioncby J. B. Gupta bS.K. Kataria & SonsaNew Delhic1999 a382 aEE